Jeu de mots - Ils commencent par "fol" - Statistiques

Statistiques générales
  • Ce quiz a été pris 131 fois
  • Le résultat moyen est 7 sur 12
Statistiques - réponses
Hint Réponse % Correct
Je suis la première partie du nom d'un fromage dont la seconde est "Epi". Fol
100%
Je suis le nom d'un zoologiste et biologiste suisse connu pour son étude sur les éponges. Fol
100%
Terme désignant un trouble mental, qui peut être accompagné de l'adjectif "furieuse". Folie
90%
En botanique, qui est garni de feuilles. Synonyme de feuillu. Folié
90%
Lorsque la situation n’est pas réjouissante. On dit qu'elle n'a rien de... Folichon
70%
Ensemble de traditions et coutumes populaires, par exemple d'une région. Le ____ breton. Folklore
68%
Je suis le feuillet d'un manuscrit, d'un livre ancien ainsi qu'une marque de livres de poche. Folio
64%
Structure de la peau humaine qui contient la base du poil. Follicule
56%
Acide qui joue un role essentiel dans, notamment, la division cellulaire. Folique
38%
Écrivain britannique, ayant Ken pour prénom, connu pour avoir écrit "Un monde sans fin". Follet
37%
Je suis un verbe signifiant s'amuser librement. Folâtrer
30%
Je suis le nom d'un ancien dirigeant de PSA Peugeot Citroen de 1997 à 2007. Folz
4%
Aucun quiz correspondant
Distribution des résultats
% des personnes avec chaque résultat
Percentile par nombre de réponses
Votre historique - résultats
Vous n’avez pas pris ce quiz